[Event "Gatineau Hiver-B"]
[Site "Gatineau CAN"]
[Date "2017.01.31"]
[Round "1"]
[White "Rioux, Jocelyn"]
[Black "Bourbonnais, Luc"]
[Result "1-0"]
[WhiteElo "1499"]
[BlackElo "1288"]
[WhiteFideId "-1"]
[WhiteFideId "-1"]
[PlyCount "113"]
[GameId "2160767908478778"]
[EventDate "2017.01.31"]
[EventType "swiss"]
[EventRounds "4"]
[EventCountry "CAN"]
[SourceTitle "EXT 2022"]
[Source "ChessBase"]
[SourceDate "2021.10.06"]
[SourceVersion "1"]
[SourceVersionDate "2021.10.06"]
[SourceQuality "1"]

1. e4 e5 2. Nf3 Nc6 3. Bc4 Nf6 4. d3 Bc5 5. O-O O-O 6. c3 d5 7. exd5 Nxd5 8. b4 Bb6 9. b5 Na5 10. Nxe5 Nxc4 11. Nxc4 Bc5 12. d4 Be7 13. Ne5 Bf5 14. Qf3 Be6 15. c4 Nb4 16. Qc3 Bf5 17. Na3 f6 18. Nf3 c6 19. bxc6 Nxc6 20. c5 Qd5 21. Qc4 Be6 22. Qxd5 Bxd5 23. Be3 Rad8 24. Nd2 Rfe8 25. Nc2 g5 26. a3 a5 27. Rab1 Rd7 28. Rfe1 Kf7 29. f3 h6 30. Bf2 h5 31. a4 f5 32. Na3 Bf8 33. Ndc4 Rxe1+ 34. Bxe1 Ke6 35. Nb6 Rc7 36. Nb5 Rg7 37. Bxa5 Bxf3 38. gxf3 Nxa5 39. Re1+ Kf6 40. Nd5+ Kg6 41. Re6+ Kh7 42. Nf6+ Kg6 43. Ne8+ Kf7 44. d5 Bxc5+ 45. Kf1 Rg8 46. Ned6+ Bxd6 47. Nxd6+ Kg7 48. Nxf5+ Kf8 49. d6 Nc6 50. d7 Kf7 51. Rxc6 bxc6 52. Nh6+ Ke7 53. Nxg8+ Kxd7 54. Nf6+ Kd6 55. Nxh5 Kc7 56. f4 gxf4 57. Nxf4 1-0

[Event "Gatineau Hiver-B"]
[Site "Gatineau CAN"]
[Date "2017.01.31"]
[Round "1"]
[White "Seguin, Hubert"]
[Black "Louis Cadet, Jonathan"]
[Result "1-0"]
[WhiteElo "1539"]
[BlackElo "1359"]
[WhiteFideId "-1"]
[WhiteFideId "-1"]
[PlyCount "91"]
[GameId "2160767908478779"]
[EventDate "2017.01.31"]
[EventType "swiss"]
[EventRounds "4"]
[EventCountry "CAN"]
[SourceTitle "EXT 2022"]
[Source "ChessBase"]
[SourceDate "2021.10.06"]
[SourceVersion "1"]
[SourceVersionDate "2021.10.06"]
[SourceQuality "1"]

1. e4 e6 2. d4 d5 3. Nd2 Nf6 4. e5 Nfd7 5. f4 Qh4+ 6. g3 Qd8 7. Ngf3 h6 8. a3 Nb6 9. c4 c5 10. b3 cxd4 11. Nxd4 Bc5 12. N2f3 Bd7 13. Be3 Be7 14. Nd2 Nc6 15. b4 O-O 16. c5 Nc8 17. N2b3 Nxd4 18. Nxd4 a6 19. Be2 Na7 20. O-O Nc6 21. Qd2 Nxd4 22. Bxd4 Qc7 23. Rfc1 Bc6 24. a4 Rfd8 25. b5 Be8 26. Qe3 axb5 27. axb5 Rxa1 28. Rxa1 Qc8 29. Ra7 Rd7 30. Qa3 Rc7 31. Ra8 Qd7 32. Qa5 Bxc5 33. Bxc5 Rxc5 34. Qb6 Rc1+ 35. Kf2 Kh7 36. Rb8 Rc7 37. Rxe8 Rc2 38. Rd8 Qe7 39. Qd6 Qc7 40. Qxc7 Rxc7 41. b6 Rc3 42. Rd7 Kg6 43. Rxb7 Rc6 44. Rb8 Kf5 45. b7 Ke4 46. Rc8 1-0

[Event "Gatineau Hiver-B"]
[Site "Gatineau CAN"]
[Date "2017.01.31"]
[Round "1"]
[White "Traversy, Pierre"]
[Black "Labelle, Raymond"]
[Result "0-1"]
[WhiteElo "1213"]
[BlackElo "1475"]
[WhiteFideId "-1"]
[WhiteFideId "-1"]
[PlyCount "130"]
[GameId "2160767908478780"]
[EventDate "2017.01.31"]
[EventType "swiss"]
[EventRounds "4"]
[EventCountry "CAN"]
[SourceTitle "EXT 2022"]
[Source "ChessBase"]
[SourceDate "2021.10.06"]
[SourceVersion "1"]
[SourceVersionDate "2021.10.06"]
[SourceQuality "1"]

1. d4 e6 2. e4 d5 3. e5 c5 4. c3 Nc6 5. Nf3 Qb6 6. Na3 c4 7. Nc2 Nge7 8. Bg5 Qxb2 9. Bd2 Qb6 10. Rb1 Qc7 11. g3 Ng6 12. Bg2 Be7 13. Ne3 O-O 14. O-O f6 15. exf6 Bxf6 16. Re1 Qd8 17. Ng4 Be7 18. Qc1 b6 19. Ng5 Bxg5 20. Bxg5 Qe8 21. h4 Qf7 22. Qc2 Bd7 23. h5 Nh8 24. h6 Qg6 25. Qd2 Rf5 26. f4 Nd8 27. hxg7 Kxg7 28. Ne5 Qe8 29. Qe2 h6 30. Bh4 Ng6 31. Qg4 Kh7 32. Nxg6 Qxg6 33. Bh3 Nf7 34. Qxg6+ Kxg6 35. Bxf5+ Kxf5 36. Kg2 Nd6 37. Re5+ Kg4 38. Re3 Ne4 39. Rh1 a5 40. a3 b5 41. Be7 h5 42. Rh4+ Kf5 43. Rxh5+ Kg6 44. Rh4 b4 45. axb4 a4 46. Rh1 a3 47. Ra1 a2 48. Kf3 Nd2+ 49. Kf2 Nb3 50. Ree1 Nxa1 51. Rxa1 Kf5 52. Kf3 Be8 53. g4+ Kg6 54. Bc5 Kg7 55. Bb6 Bg6 56. Ba5 Bb1 57. f5 exf5 58. gxf5 Re8 59. Bc7 Re1 60. Ba5 Be4+ 61. Kf4 Rxa1 62. b5 Rf1+ 63. Ke5 a1=Q 64. Bb4 Rxf5+ 65. Kd6 Qa8 0-1

[Event "Gatineau Hiver-B"]
[Site "Gatineau CAN"]
[Date "2017.02.07"]
[Round "2"]
[White "Berthiaume, Serge"]
[Black "Lecorre, Joel"]
[Result "0-1"]
[WhiteElo "1525"]
[BlackElo "1465"]
[WhiteFideId "-1"]
[WhiteFideId "-1"]
[PlyCount "168"]
[GameId "2160767908478781"]
[EventDate "2017.01.31"]
[EventType "swiss"]
[EventRounds "4"]
[EventCountry "CAN"]
[SourceTitle "EXT 2022"]
[Source "ChessBase"]
[SourceDate "2021.10.06"]
[SourceVersion "1"]
[SourceVersionDate "2021.10.06"]
[SourceQuality "1"]

1. c4 c5 2. Nc3 Nf6 3. e4 Nc6 4. Nf3 d6 5. a3 Bd7 6. Be2 g6 7. d3 Nd4 8. Nxd4 cxd4 9. Nd5 e6 10. Nb4 Bg7 11. O-O O-O 12. Bf4 Qc7 13. Rc1 a5 14. Nc2 e5 15. Bd2 Ba4 16. Qe1 Qb6 17. b4 axb4 18. Bxb4 Rfc8 19. Qd2 Nd7 20. Rb1 Qc7 21. Rb2 Nc5 22. Rfb1 Bc6 23. Na1 Na4 24. Rb3 Bf6 25. Qh6 Bg7 26. Qd2 Qd8 27. Bg4 Rcb8 28. Rf1 Bf6 29. Qc2 Bg5 30. Rbb1 h5 31. Bf3 Qd7 32. Nb3 b6 33. Nd2 Be7 34. Nb3 f5 35. Rbe1 h4 36. Qd2 g5 37. Qa2 g4 38. Be2 Kg7 39. exf5 Qxf5 40. f3 g3 41. h3 Ra7 42. Qc2 Qg6 43. f4 Rba8 44. Bg4 Nc5 45. Nc1 exf4 46. Rxf4 Bg5 47. Rxd4 Re8 48. Rxe8 Bxe8 49. Bd2 Bxd2 50. Qxd2 Rxa3 51. Be2 Qf6 52. Rg4+ Bg6 53. Rf4 Qe7 54. Qb2+ Qe5 55. Qxe5+ dxe5 56. Rxh4 Ra1 57. Rg4 Rxc1+ 58. Bf1 Nxd3 59. Rxg3 e4 60. h4 Kf6 61. Re3 Rxc4 62. g3 Rc1 63. Kg2 Rc2+ 64. Kg1 Kf5 65. Bg2 Rc1+ 66. Kh2 Nf2 67. Bh3+ Ng4+ 68. Bxg4+ Kxg4 69. Rb3 Rc2+ 70. Kg1 Rc6 71. Kg2 Rd6 72. Kf2 Be8 73. Re3 Bc6 74. Rb3 b5 75. Rb4 Rd3 76. Rb2 Rf3+ 77. Ke2 Rxg3 78. Rb1 Kxh4 79. Rc1 Bd5 80. Rc8 Bc4+ 81. Kd2 e3+ 82. Kc2 Rg2+ 83. Kc3 Rg1 84. Rc7 Kg3 0-1

[Event "Gatineau Hiver-B"]
[Site "Gatineau CAN"]
[Date "2017.02.07"]
[Round "2"]
[White "Iyamuremye, Gervais"]
[Black "Bourbonnais, Luc"]
[Result "1-0"]
[WhiteElo "1463"]
[BlackElo "1288"]
[WhiteFideId "-1"]
[WhiteFideId "-1"]
[PlyCount "109"]
[GameId "2160767908478782"]
[EventDate "2017.01.31"]
[EventType "swiss"]
[EventRounds "4"]
[EventCountry "CAN"]
[SourceTitle "EXT 2022"]
[Source "ChessBase"]
[SourceDate "2021.10.06"]
[SourceVersion "1"]
[SourceVersionDate "2021.10.06"]
[SourceQuality "1"]

1. e4 e5 2. Nf3 Nc6 3. Bc4 Nf6 4. d3 Bc5 5. h3 O-O 6. Bg5 d6 7. O-O Be6 8. Bb3 Na5 9. Bxe6 fxe6 10. c3 Nc6 11. Qb3 Qc8 12. Nbd2 Na5 13. Qd1 Bb6 14. Qe2 c5 15. Nh2 Qd7 16. Kh1 Bc7 17. f4 h6 18. fxe5 hxg5 19. exf6 Rxf6 20. Rxf6 gxf6 21. Rf1 Rf8 22. Qh5 Qh7 23. Qxh7+ Kxh7 24. Ng4 Kg6 25. Nf3 c4 26. d4 Nc6 27. Kg1 Rf7 28. Ne3 b5 29. d5 Ne7 30. dxe6 Rh7 31. Nd5 Bd8 32. Nd4 Nxd5 33. exd5 a6 34. Rd1 Be7 35. Nc6 Kf5 36. g4+ Kg6 37. Kg2 Rg7 38. Nxe7+ Rxe7 39. Kg3 a5 40. a3 a4 41. Rd2 Kg7 42. h4 gxh4+ 43. Kxh4 Kg6 44. Rh2 Kh6 45. Kg3+ Kg7 46. Kf4 Re8 47. Kf5 Re7 48. Rh5 Re8 49. g5 fxg5 50. Rxg5+ Kh6 51. Rg6+ Kh7 52. Rf6 Kg7 53. Rf7+ Kg8 54. Kf6 Rf8 55. Ke7 1-0

[Event "Gatineau Hiver-B"]
[Site "Gatineau CAN"]
[Date "2017.02.07"]
[Round "2"]
[White "Labelle, Raymond"]
[Black "Rioux, Jocelyn"]
[Result "1-0"]
[WhiteElo "1475"]
[BlackElo "1499"]
[WhiteFideId "-1"]
[WhiteFideId "-1"]
[PlyCount "105"]
[GameId "2160767908478783"]
[EventDate "2017.01.31"]
[EventType "swiss"]
[EventRounds "4"]
[EventCountry "CAN"]
[SourceTitle "EXT 2022"]
[Source "ChessBase"]
[SourceDate "2021.10.06"]
[SourceVersion "1"]
[SourceVersionDate "2021.10.06"]
[SourceQuality "1"]

1. e4 e6 2. d4 d5 3. e5 c5 4. c3 Nc6 5. Nf3 Qb6 6. Be2 Nge7 7. O-O Nf5 8. Bd3 cxd4 9. Bxf5 dxc3 10. Nxc3 d4 11. Na4 Qd8 12. Bd3 a6 13. b3 b5 14. Nb2 Bb4 15. Be4 Bd7 16. Nxd4 Rc8 17. Nxc6 Bxc6 18. Qxd8+ Kxd8 19. Rd1+ Ke7 20. Bxc6 Rxc6 21. Be3 Rhc8 22. Nd3 Bc3 23. Rac1 b4 24. Bd2 a5 25. Bxc3 Rxc3 26. Rb1 Rc2 27. Rb2 Rxb2 28. Nxb2 Rc2 29. Rb1 f6 30. exf6+ gxf6 31. g4 e5 32. Kg2 Ke6 33. h4 Kd5 34. Kg3 Kd4 35. f3 e4 36. Rd1+ Ke3 37. Nc4+ Ke2 38. Rd2+ Rxd2 39. Nxd2 Kxd2 40. fxe4 Ke3 41. g5 fxg5 42. e5 gxh4+ 43. Kxh4 Kd4 44. e6 Kc3 45. e7 Kb2 46. e8=Q Kxa2 47. Qa4+ Kb2 48. Kh5 Kc3 49. Qa2 Kd3 50. Qxa5 Kc2 51. Qd5 Kb2 52. Qc4 Ka3 53. Kh6 1-0

[Event "Gatineau Hiver-B"]
[Site "Gatineau CAN"]
[Date "2017.02.07"]
[Round "2"]
[White "Legare, Gilles"]
[Black "Raymond, Robert"]
[Result "0-1"]
[WhiteElo "1043"]
[BlackElo "1298"]
[WhiteFideId "-1"]
[WhiteFideId "-1"]
[PlyCount "128"]
[GameId "2160767908478784"]
[EventDate "2017.01.31"]
[EventType "swiss"]
[EventRounds "4"]
[EventCountry "CAN"]
[SourceTitle "EXT 2022"]
[Source "ChessBase"]
[SourceDate "2021.10.06"]
[SourceVersion "1"]
[SourceVersionDate "2021.10.06"]
[SourceQuality "1"]

1. e4 e5 2. Nc3 Nf6 3. Nf3 Nc6 4. a3 d6 5. d3 Be7 6. Be2 O-O 7. Be3 Be6 8. Qd2 a6 9. Nd5 Bxd5 10. exd5 Nxd5 11. c4 Nxe3 12. fxe3 f5 13. g3 f4 14. exf4 exf4 15. d4 Bg5 16. Qd3 Bh6 17. g4 g6 18. h4 Qe7 19. O-O-O Qe3+ 20. Qd2 Bg7 21. Qxe3 fxe3 22. h5 Rf4 23. g5 Bxd4 24. hxg6 hxg6 25. Rh6 Kg7 26. Rh4 Raf8 27. Kb1 Be5 28. Rxf4 Bxf4 29. c5 dxc5 30. Rh1 Rh8 31. Rd1 Rd8 32. Rc1 Rd5 33. Rh1 Nd4 34. Bc4 Rd6 35. Rf1 b5 36. Bd3 c4 37. Be4 Nxf3 38. Bxf3 Bxg5 39. Rg1 Bf4 40. Ka2 g5 41. Rc1 e2 42. Re1 c3 43. Rxe2 Rd2 44. Re7+ Kf6 45. Re1 Rxb2+ 46. Ka1 Rf2 47. Bd5 Be5 48. Kb1 Rb2+ 49. Ka1 Rd2 50. Rf1+ Bf4 51. Be4 c2 52. Kb2 Rd1 53. Rxf4+ gxf4 54. Bxc2 Rg1 55. Be4 Ke5 56. Bb7 a5 57. Bc6 b4 58. axb4 axb4 59. Kb3 Kd6 60. Be4 c5 61. Kc4 Rc1+ 62. Kb3 Rc3+ 63. Kb2 f3 64. Bf5 f2 0-1

[Event "Gatineau Hiver-B"]
[Site "Gatineau CAN"]
[Date "2017.02.07"]
[Round "2"]
[White "Louis Cadet, Jonathan"]
[Black "Arcand, Pierre"]
[Result "0-1"]
[WhiteElo "1359"]
[BlackElo "1177"]
[WhiteFideId "-1"]
[WhiteFideId "-1"]
[PlyCount "112"]
[GameId "2160767908478785"]
[EventDate "2017.01.31"]
[EventType "swiss"]
[EventRounds "4"]
[EventCountry "CAN"]
[SourceTitle "EXT 2022"]
[Source "ChessBase"]
[SourceDate "2021.10.06"]
[SourceVersion "1"]
[SourceVersionDate "2021.10.06"]
[SourceQuality "1"]

1. d4 d5 2. Bf4 Nc6 3. e3 e6 4. Nf3 Nf6 5. h4 Ne4 6. c3 Be7 7. Bd3 O-O 8. Ng5 Nxg5 9. hxg5 g6 10. Nd2 Bxg5 11. Bxg5 Qxg5 12. Qf3 Bd7 13. Qh3 h5 14. f4 Qg4 15. Qxg4 hxg4 16. Rh4 f5 17. O-O-O Kg7 18. Rdh1 Rh8 19. g3 Rxh4 20. Rxh4 Rh8 21. Rxh8 Kxh8 22. Nb3 b6 23. Na1 Kg8 24. Nc2 Kf8 25. Ne1 Ne7 26. Kd2 Ke8 27. Bc2 Kd8 28. Nd3 Nc6 29. Ne5 Nxe5 30. dxe5 c5 31. a4 c4 32. b4 cxb3 33. Bxb3 a5 34. Kc2 Kc7 35. Kb2 Kb7 36. Ka3 b5 37. axb5 Bxb5 38. Ba2 Kb6 39. Kb2 Kc5 40. Kc2 Bc4 41. Bb3 Kb5 42. Kb2 Bxb3 43. Kxb3 a4+ 44. Ka3 Kc4 45. Kxa4 Kxc3 46. Kb5 Kd3 47. Kc6 Kxe3 48. Kd6 d4 49. Kxe6 d3 50. Kf7 d2 51. e6 d1=Q 52. e7 Qd7 53. Kf8 Qxe7+ 54. Kxe7 Kf3 55. Kf6 Kxg3 56. Kg5 Kf3 0-1

[Event "Gatineau Hiver-B"]
[Site "Gatineau CAN"]
[Date "2017.02.14"]
[Round "3"]
[White "Masse-Garneau, Anthony"]
[Black "Berthiaume, Serge"]
[Result "1/2-1/2"]
[WhiteElo "1381"]
[BlackElo "1525"]
[WhiteFideId "-1"]
[WhiteFideId "-1"]
[PlyCount "158"]
[GameId "2160767908478789"]
[EventDate "2017.01.31"]
[EventType "swiss"]
[EventRounds "4"]
[EventCountry "CAN"]
[SourceTitle "EXT 2022"]
[Source "ChessBase"]
[SourceDate "2021.10.06"]
[SourceVersion "1"]
[SourceVersionDate "2021.10.06"]
[SourceQuality "1"]

1. d4 g6 2. Nf3 Nf6 3. c4 Bg7 4. Nc3 c5 5. d5 d6 6. Qc2 Bg4 7. Nd2 O-O 8. h3 Bd7 9. e4 Ne8 10. Bd3 Na6 11. a3 Qc8 12. Nf3 Nac7 13. Bf4 e5 14. Bd2 a6 15. Na4 Bxa4 16. Qxa4 f5 17. Ba5 fxe4 18. Bxe4 b5 19. Qc2 bxc4 20. Bxc7 Qxc7 21. O-O Nf6 22. Nd2 Rf7 23. Nf3 Bh6 24. Bxg6 hxg6 25. Qxg6+ Bg7 26. Ng5 Re7 27. Ne6 Qb7 28. Nxg7 Rxg7 29. Qxf6 Qxd5 30. f3 Rf8 31. Qh4 Qb7 32. Qxc4+ Rff7 33. Rf2 Qc8 34. Kh1 Kf8 35. Rd1 Rf4 36. Qc3 Rg6 37. Rfd2 Rff6 38. b4 c4 39. Kh2 Qc6 40. Rd5 Rg7 41. g4 Rb7 42. a4 Qb6 43. R1d2 Qc6 44. b5 axb5 45. axb5 Rxb5 46. Rxb5 Qxb5 47. Rc2 Rf4 48. Rd2 Qc6 49. Kg2 Ke7 50. Kg3 Ke6 51. Re2 Qd5 52. Qe3 Qd4 53. Qxd4 Rxd4 54. h4 c3 55. Kf2 Kd5 56. h5 Ke6 57. Ke3 Rc4 58. Kd3 d5 59. Rc2 Rf4 60. Kxc3 Rxf3+ 61. Kd2 Rg3 62. Rc6+ Kd7 63. Rg6 Rf3 64. h6 Rf8 65. Rg7+ Ke6 66. h7 Rh8 67. Rg6+ Kf7 68. Rg5 Kf6 69. Rh5 Kg6 70. Rxe5 Rxh7 71. Rxd5 Rf7 72. Ke3 Rf6 73. Ke4 Rf1 74. Rf5 Re1+ 75. Kf3 Rf1+ 76. Ke4 Re1+ 77. Kd5 Re2 78. Re5 Rxe5+ 79. Kxe5 Kg5 1/2-1/2

[Event "Gatineau Hiver-B"]
[Site "Gatineau CAN"]
[Date "2017.02.21"]
[Round "4"]
[White "Arcand, Pierre"]
[Black "Rioux, Jocelyn"]
[Result "0-1"]
[WhiteElo "1138"]
[BlackElo "1499"]
[WhiteFideId "-1"]
[WhiteFideId "-1"]
[PlyCount "122"]
[GameId "2160767908478791"]
[EventDate "2017.01.31"]
[EventType "swiss"]
[EventRounds "4"]
[EventCountry "CAN"]
[SourceTitle "EXT 2022"]
[Source "ChessBase"]
[SourceDate "2021.10.06"]
[SourceVersion "1"]
[SourceVersionDate "2021.10.06"]
[SourceQuality "1"]

1. e4 e6 2. d4 d5 3. e5 c5 4. Nf3 Nc6 5. Bb5 Bd7 6. O-O cxd4 7. Nxd4 Nxe5 8. Bxd7+ Nxd7 9. Re1 Ngf6 10. Bg5 Be7 11. Bxf6 Nxf6 12. Nd2 O-O 13. Qe2 Re8 14. Qe5 Bd6 15. Qe2 Nd7 16. Nb5 Be5 17. c3 a6 18. Nd4 Bxd4 19. cxd4 Rc8 20. Rac1 Qb6 21. Nb3 a5 22. Red1 a4 23. Na1 Rc6 24. Rc2 Rec8 25. Rxc6 Qxc6 26. b3 b5 27. bxa4 bxa4 28. Rb1 Qc3 29. Qb5 Qc1+ 30. Rxc1 Rxc1+ 31. Qf1 Rxf1+ 32. Kxf1 f6 33. Ke2 Kf7 34. f4 Ke7 35. Kd3 Kd6 36. Nc2 e5 37. fxe5+ fxe5 38. dxe5+ Kxe5 39. Ke3 Nc5 40. Nd4 Ne6 41. Nxe6 Kxe6 42. Kd4 g6 43. g4 h5 44. h3 a3 45. gxh5 gxh5 46. h4 Kd6 47. Kd3 Ke5 48. Ke3 d4+ 49. Kd3 Kd5 50. Kd2 Ke4 51. Ke2 Kf4 52. Kd3 Kg4 53. Kxd4 Kxh4 54. Ke3 Kg3 55. Kd3 h4 56. Kc3 h3 57. Kb3 h2 58. Kxa3 h1=Q 59. Kb3 Qb1+ 60. Ka3 Kf3 61. Ka4 Qxa2+ 0-1

[Event "Gatineau Hiver-B"]
[Site "Gatineau CAN"]
[Date "2017.02.21"]
[Round "4"]
[White "Berthiaume, Serge"]
[Black "Labelle, Raymond"]
[Result "0-1"]
[WhiteElo "1525"]
[BlackElo "1475"]
[WhiteFideId "-1"]
[WhiteFideId "-1"]
[PlyCount "104"]
[GameId "2160767908478792"]
[EventDate "2017.01.31"]
[EventType "swiss"]
[EventRounds "4"]
[EventCountry "CAN"]
[SourceTitle "EXT 2022"]
[Source "ChessBase"]
[SourceDate "2021.10.06"]
[SourceVersion "1"]
[SourceVersionDate "2021.10.06"]
[SourceQuality "1"]

1. c4 e5 2. Nc3 Bc5 3. e3 Nc6 4. a3 a5 5. Qg4 g6 6. Qd1 Nf6 7. g3 d6 8. Bg2 Bf5 9. d3 Qd7 10. h3 h5 11. Nd5 Nxd5 12. cxd5 g5 13. dxc6 bxc6 14. e4 Be6 15. Be3 Bxe3 16. fxe3 Rb8 17. Qd2 a4 18. Ne2 Ke7 19. d4 f6 20. d5 Bf7 21. Nc3 c5 22. O-O Rb7 23. Qf2 Rh6 24. Rac1 Ra7 25. Rc2 Qc8 26. Qe2 Be8 27. Rf2 Rb7 28. Qf1 Bd7 29. Kh2 Qb8 30. Qg1 Qc8 31. Bf1 Qb8 32. Be2 Rxb2 33. Rxb2 Qxb2 34. Nb1 Qb7 35. Qd1 Qb2 36. Kg2 Qb8 37. Bc4 Qc8 38. Qh1 Qa8 39. Rb2 Rh8 40. Nc3 g4 41. h4 Rf8 42. Qb1 f5 43. Bb5 Bc8 44. Bc6 Qa5 45. Nxa4 fxe4 46. Re2 Ba6 47. Bb5 Bxb5 48. Rb2 Bxa4 49. Qxe4 Qe1 50. Qd3 Bd1 51. Rb1 Qf2+ 52. Kh1 Bf3# 0-1

[Event "Gatineau Hiver-B"]
[Site "Gatineau CAN"]
[Date "2017.02.21"]
[Round "4"]
[White "Bourbonnais, Luc"]
[Black "Legare, Gilles"]
[Result "1-0"]
[WhiteElo "1288"]
[BlackElo "1043"]
[WhiteFideId "-1"]
[WhiteFideId "-1"]
[PlyCount "61"]
[GameId "2160767908478793"]
[EventDate "2017.01.31"]
[EventType "swiss"]
[EventRounds "4"]
[EventCountry "CAN"]
[SourceTitle "EXT 2022"]
[Source "ChessBase"]
[SourceDate "2021.10.06"]
[SourceVersion "1"]
[SourceVersionDate "2021.10.06"]
[SourceQuality "1"]

1. e4 c6 2. d4 e6 3. c4 Be7 4. Nc3 d6 5. Nf3 Nf6 6. e5 Nfd7 7. Bf4 d5 8. cxd5 cxd5 9. Bd3 b6 10. Rc1 Bb7 11. O-O Nf8 12. Nb5 Nc6 13. Nd6+ Bxd6 14. exd6 Ng6 15. Bg3 O-O 16. a3 a5 17. Bb5 Qd7 18. Qa4 Rac8 19. Rc3 f6 20. Rfc1 f5 21. Be5 f4 22. h3 Rf5 23. Bxc6 Bxc6 24. Rxc6 Rxc6 25. Qxc6 Rf7 26. Qc8+ Qxc8 27. Rxc8+ Nf8 28. Ng5 Rf5 29. Nxe6 Kf7 30. Rxf8+ Kxe6 31. Rxf5 1-0

[Event "Gatineau Hiver-B"]
[Site "Gatineau CAN"]
[Date "2017.02.21"]
[Round "4"]
[White "Sabourin, Yves"]
[Black "Lecorre, Joel"]
[Result "1/2-1/2"]
[WhiteElo "1443"]
[BlackElo "1465"]
[WhiteFideId "-1"]
[WhiteFideId "-1"]
[PlyCount "88"]
[GameId "2160767908478794"]
[EventDate "2017.01.31"]
[EventType "swiss"]
[EventRounds "4"]
[EventCountry "CAN"]
[SourceTitle "EXT 2022"]
[Source "ChessBase"]
[SourceDate "2021.10.06"]
[SourceVersion "1"]
[SourceVersionDate "2021.10.06"]
[SourceQuality "1"]

1. e4 e5 2. Nf3 Nc6 3. Bb5 a6 4. Ba4 Nf6 5. O-O Be7 6. d3 b5 7. Bb3 d6 8. Be3 Na5 9. c3 Nxb3 10. Qxb3 Be6 11. Qc2 c5 12. Nbd2 O-O 13. d4 exd4 14. cxd4 cxd4 15. Nxd4 Rc8 16. Nxe6 fxe6 17. Qb3 Qd7 18. f3 Kh8 19. Rfc1 Rfd8 20. Nf1 Rxc1 21. Rxc1 Rc8 22. Rxc8+ Qxc8 23. Ng3 g6 24. Ne2 d5 25. exd5 Nxd5 26. Bd4+ Kg8 27. Nc3 Bf6 28. Bxf6 Nxf6 29. Qd1 Qc5+ 30. Kf1 Nd5 31. Nxd5 Qxd5 32. Qxd5 exd5 33. Ke2 Kf7 34. Kd3 Ke6 35. Kd4 Kd6 36. b4 g5 37. g3 Ke6 38. f4 gxf4 39. gxf4 h5 40. f5+ Kxf5 41. Kxd5 Kg4 42. Ke4 Kh3 43. Kf3 h4 44. a3 Kxh2 1/2-1/2

[Event "Gatineau Hiver-B"]
[Site "Gatineau CAN"]
[Date "2017.02.21"]
[Round "4"]
[White "Simard, Paul"]
[Black "Raymond, Robert"]
[Result "1-0"]
[WhiteElo "1192"]
[BlackElo "1298"]
[WhiteFideId "-1"]
[WhiteFideId "-1"]
[PlyCount "61"]
[GameId "2160767908478795"]
[EventDate "2017.01.31"]
[EventType "swiss"]
[EventRounds "4"]
[EventCountry "CAN"]
[SourceTitle "EXT 2022"]
[Source "ChessBase"]
[SourceDate "2021.10.06"]
[SourceVersion "1"]
[SourceVersionDate "2021.10.06"]
[SourceQuality "1"]

1. f4 e6 2. Nf3 d5 3. e3 Nf6 4. b3 Be7 5. Bb2 O-O 6. Bd3 Nbd7 7. O-O h6 8. Nc3 b6 9. Ne2 Bb7 10. c4 Nc5 11. Ne5 Nxd3 12. Nxd3 dxc4 13. Ne5 Qd5 14. Rf3 Qc5 15. Rh3 Qd5 16. Rf3 cxb3 17. axb3 Bb4 18. d3 Rfd8 19. Rc1 c5 20. Rg3 Ba6 21. Nc4 Kh7 22. Ne5 Bxd3 23. Nxf7 Bxe2 24. Qxe2 Qd2 25. Qc4 Qd5 26. Nxd8 Qxc4 27. bxc4 Rxd8 28. Kf1 Rd3 29. Be5 Ra3 30. Rd1 Rb3 31. Bxf6 1-0

[Event "Gatineau Hiver-B"]
[Site "Gatineau CAN"]
[Date "2017.02.21"]
[Round "4"]
[White "Traversy, Pierre"]
[Black "Masse-Garneau, Anthony"]
[Result "1/2-1/2"]
[WhiteElo "1213"]
[BlackElo "1381"]
[WhiteFideId "-1"]
[WhiteFideId "-1"]
[PlyCount "92"]
[GameId "2160767908478796"]
[EventDate "2017.01.31"]
[EventType "swiss"]
[EventRounds "4"]
[EventCountry "CAN"]
[SourceTitle "EXT 2022"]
[Source "ChessBase"]
[SourceDate "2021.10.06"]
[SourceVersion "1"]
[SourceVersionDate "2021.10.06"]
[SourceQuality "1"]

1. d4 d5 2. Nf3 Nf6 3. h3 c6 4. Nc3 e6 5. e3 Bd6 6. Bd3 Nbd7 7. e4 dxe4 8. Nxe4 Nxe4 9. Bxe4 Nf6 10. Bd3 O-O 11. Be3 Nd5 12. Qd2 Re8 13. a3 Nxe3 14. Qxe3 e5 15. O-O e4 16. Rfe1 Bf5 17. Bc4 exf3 18. Qxf3 Bg6 19. Bd3 Qf6 20. Qxf6 gxf6 21. Bxg6 fxg6 22. Kf1 Kf7 23. c4 Rxe1+ 24. Rxe1 Re8 25. a4 Rxe1+ 26. Kxe1 Ke6 27. Ke2 c5 28. d5+ Ke5 29. Ke3 g5 30. g4 h6 31. h4 f5 32. hxg5 hxg5 33. gxf5 Kxf5 34. f3 Ke5 35. Kd3 Kf4 36. Ke2 a6 37. Kf2 Ke5 38. Ke3 b5 39. b3 Bc7 40. Kd3 Kf4 41. Ke2 g4 42. fxg4 Kxg4 43. axb5 axb5 44. cxb5 Kf4 45. Kd3 Ke5 46. Kc4 Bb6 1/2-1/2

[Event "Gatineau Hiver-B"]
[Site "Gatineau CAN"]
[Date "2017.02.28"]
[Round "5"]
[White "Berthiaume, Serge"]
[Black "Traversy, Pierre"]
[Result "1-0"]
[WhiteElo "1525"]
[BlackElo "1213"]
[WhiteFideId "-1"]
[WhiteFideId "-1"]
[PlyCount "125"]
[GameId "2160767908478797"]
[EventDate "2017.01.31"]
[EventType "swiss"]
[EventRounds "4"]
[EventCountry "CAN"]
[SourceTitle "EXT 2022"]
[Source "ChessBase"]
[SourceDate "2021.10.06"]
[SourceVersion "1"]
[SourceVersionDate "2021.10.06"]
[SourceQuality "1"]

1. c4 c5 2. Nc3 e6 3. g3 g6 4. Bg2 Bg7 5. d3 Nc6 6. Bf4 Nf6 7. Bd6 Bf8 8. Bxf8 Kxf8 9. Nf3 a6 10. O-O b6 11. d4 Bb7 12. d5 Nb8 13. e4 exd5 14. cxd5 d6 15. Re1 Nbd7 16. e5 dxe5 17. Nxe5 Nxe5 18. Rxe5 Kg7 19. Qd2 Re8 20. Rae1 Rxe5 21. Rxe5 Qd7 22. Re3 Rd8 23. Rd3 Re8 24. Re3 Rd8 25. Rd3 Re8 26. Nd1 Rd8 27. Ne3 b5 28. b3 Re8 29. Qc3 Qd6 30. Ng4 h5 31. Nxf6 Qxf6 32. Qxc5 Qa1+ 33. Bf1 Re1 34. Qd4+ Qxd4 35. Rxd4 Ra1 36. Rd2 Kf6 37. f4 Bc8 38. Kf2 Ke7 39. Bg2 Kd6 40. b4 Rc1 41. Ke3 Rc4 42. Rd4 Rc3+ 43. Kd2 Ra3 44. Kc1 Rxa2 45. Rd2 Rxd2 46. Kxd2 Bb7 47. Kc3 Bxd5 48. Bf1 Be4 49. Kd4 Bb7 50. h4 f5 51. Bd3 Bd5 52. Bc2 Bf7 53. Bd1 Bd5 54. Be2 Bf7 55. Bf3 Be8 56. Bb7 Bc6 57. Bxa6 Bd7 58. Bb7 Bc6 59. Bxc6 Kxc6 60. Ke5 Kd7 61. Kf6 Kd6 62. Kxg6 Ke6 63. Kg5 1-0

[Event "Gatineau Hiver-B"]
[Site "Gatineau CAN"]
[Date "2017.02.28"]
[Round "5"]
[White "Iyamuremye, Gervais"]
[Black "Simard, Paul"]
[Result "1/2-1/2"]
[WhiteElo "1463"]
[BlackElo "1192"]
[WhiteFideId "-1"]
[WhiteFideId "-1"]
[PlyCount "90"]
[GameId "2160767908478798"]
[EventDate "2017.01.31"]
[EventType "swiss"]
[EventRounds "4"]
[EventCountry "CAN"]
[SourceTitle "EXT 2022"]
[Source "ChessBase"]
[SourceDate "2021.10.06"]
[SourceVersion "1"]
[SourceVersionDate "2021.10.06"]
[SourceQuality "1"]

1. e4 e5 2. Nf3 d6 3. h3 Be7 4. Nc3 Nf6 5. Bc4 O-O 6. d3 c6 7. O-O b5 8. Bb3 Bb7 9. a3 Nbd7 10. d4 Qc7 11. dxe5 dxe5 12. Bg5 h6 13. Bh4 Rad8 14. Qc1 Nc5 15. Re1 Nxb3 16. cxb3 a6 17. Qe3 Rfe8 18. Rad1 g5 19. Rxd8 Rxd8 20. Bg3 Nd7 21. Rd1 f6 22. Nd2 Nc5 23. h4 Ne6 24. hxg5 hxg5 25. Nf1 Kf7 26. Rxd8 Qxd8 27. Qd2 Qd4 28. Kh1 Bc8 29. f3 Qb6 30. Bf2 Bc5 31. Bxc5 Qxc5 32. Qe3 Qd4 33. b4 Qxe3 34. Nxe3 Nd4 35. Kg1 Be6 36. Kf2 Nb3 37. Ke2 Nd4+ 38. Kf2 Kg6 39. g4 Nb3 40. Ncd1 Nd2 41. Ke2 Nc4 42. Nxc4 Bxc4+ 43. Ke3 Bb3 44. Nf2 Be6 45. Nd3 Bc8 1/2-1/2